"Awaken, My Love!" - Childish Gambino - Statistics

General Stats
  • This quiz has been taken 4 times
  • The average score is 8 of 11
Answer Stats
Song Plays Artists % Correct
Me and Your Mama 808,718,593 Childish Gambino
100%
Redbone 1,936,384,968 Childish Gambino
100%
Baby Boy 73,739,808 Childish Gambino
75%
Boogieman 45,795,767 Childish Gambino
75%
California 65,685,533 Childish Gambino
75%
Riot 39,761,571 Childish Gambino
75%
Stand Tall 46,775,864 Childish Gambino
75%
Terrified 75,617,069 Childish Gambino
75%
The Night Me and Your Mama Met 49,073,241 Childish Gambino
75%
Have Some Love 51,417,844 Childish Gambino
50%
Zombies 47,970,746 Childish Gambino
25%
No matching quizzes found
Score Distribution
Percent of People with Each Score
Percentile by Number Answered
Your Score History
You have not taken this quiz